| 000 | 01482nam a2200397 i 4500 | ||
|---|---|---|---|
| 003 | DO-SdBNP | ||
| 005 | 20231009115916.0 | ||
| 006 | a||||gr|||| 00| 0 | ||
| 007 | ta | ||
| 008 | 231009e2008 ||| |||| |||| 00| e spa d | ||
| 020 | _a9788479149529 (Obra completa) | ||
| 020 | _a9788479149536 (vol. I) | ||
| 020 | _a9788479149533 (vol. 2) | ||
| 040 |
_aDO-SdBNP _bspa _cBNPHU _erda |
||
| 082 | 4 |
_222 _bL973G |
|
| 100 | 1 |
_aGarcía Villoslada, Ricardo, _94243 _eautor |
|
| 245 | 1 | 0 |
_aMartín Lutero: _bel fraile hambriento de Dios. / _cRicardo García- Villoslada; fotografía de cubierta Lucas Cranach.. |
| 264 |
_aMadrid, España : _bBiblioteca de Autores Cristianos _c2008 |
||
| 264 | 4 | _c2017 (3a. reimpresión) | |
| 300 |
_av. ; _c25 cm. |
||
| 336 |
_2rdacontent _atexto _btxt |
||
| 337 |
_2rdamedia _asin mediación _bn |
||
| 338 |
_2rdacarrier _avolumen _bnc |
||
| 490 |
_aBAC maior ; _v3, 4 |
||
| 500 | _aIncluye datos biográficos del autor en la solapa de la cubierta. | ||
| 500 | _aIncluye bibliografía y notas al pie de páginas. | ||
| 500 | _aIncluye siglas y abreviaturas. | ||
| 504 | _aBibliografía: páginas 4 - 14 | ||
| 505 |
_av.1 _tEl fraile hambriento de Dios. |
||
| 505 |
_av.2 _tEn lucha contra Roma. |
||
| 590 | _aInventariado 2023 / MF | ||
| 600 | 4 |
_aMartín Lutero, _d1483 - 1546, _xBiografía _984417 |
|
| 600 | 4 |
_aGarcía Villoslada, Ricardo _94243 |
|
| 700 | 1 |
_aCranach, Lucas (el viejo), _efotografía de cubierta. _984418 |
|
| 942 |
_2ddc _cLBS1 |
||
| 999 |
_c55116 _d55116 |
||